| 000 | 00715nam a22002177a 4500 | ||
|---|---|---|---|
| 005 | 20260428102627.0 | ||
| 010 | _aENG-146953 ENG-148164 | ||
| 020 |
_a9789349015678 _c1350.00 |
||
| 035 | _aEN-130485 | ||
| 035 | _aEN-131696 | ||
| 037 | _bDBAD | ||
| 082 |
_a347.972 _216 |
||
| 100 |
_aPillai, P S A _985376 |
||
| 245 |
_aCriminal Law/ _cP S A Pillai |
||
| 250 | _a16 | ||
| 260 |
_aHaryana _bLexisNexis _c2025 |
||
| 270 |
_a14th Floor, Building No. 10, Tower-B, DLF Cyber City, Phase-II, Gurgaon _bHaryana _e122002 _k+91-124-4774444 _l+91-1244774100 |
||
| 300 |
_accxix,850p _c24cm.(pb) |
||
| 500 | _aIn Accordance with The Bharatiya Nyaya Sanhita, 2023 | ||
| 942 |
_2ddc _cEN _h347.972 _mPIL _e16 |
||
| 999 |
_c213575 _d213575 |
||